Analysing census microdata (Record no. 83920)

MARC details
000 -LEADER
fixed length control field 00756nam a2200193 a 4500
008 - FIXED-LENGTH DATA ELEMENTS--GENERAL INFORMATION
fixed length control field 120416s2000 ||||||||||||||||| || u
020 ## - INTERNATIONAL STANDARD BOOK NUMBER
International Standard Book Number 0340692286
050 ## - LIBRARY OF CONGRESS CALL NUMBER
Classification number HA 155 Dal
100 ## - MAIN ENTRY--PERSONAL NAME
Personal name Dale, Angela
245 10 - TITLE STATEMENT
Title Analysing census microdata
260 ## - PUBLICATION, DISTRIBUTION, ETC.
Place of publication, distribution, etc. London
Name of publisher, distributor, etc. Arnold
Date of publication, distribution, etc. 2000
300 ## - PHYSICAL DESCRIPTION
Extent xii, 241p. : ill.
350 ## -
-- 0.00
650 ## - SUBJECT ADDED ENTRY--TOPICAL TERM
Topical term or geographic name entry element CENSUS--DATA ANALYSIS
650 #3 - SUBJECT ADDED ENTRY--TOPICAL TERM
Topical term or geographic name entry element P0PULATION STATISTICS
700 ## - ADDED ENTRY--PERSONAL NAME
Personal name Holdsworth, Clare
995 ## -
-- MAIN LIBRARY OPEN ACCESS
-- 0.00
-- 735751
-- CBU-MAIN LIBRARY (Kitwe)
-- 1
-- 0.00
-- HA 155 Dal
-- 1
-- AVAILABLE
-- 48596
-- Main Library Open Access Collection
995 ## -
-- MAIN LIBRARY OPEN ACCESS
-- 0.00
-- 735752
-- CBU-MAIN LIBRARY (Kitwe)
-- 2
-- 0.00
-- HA 155 Dal
-- 2
-- AVAILABLE
-- 48595
-- Main Library Open Access Collection
999 ## -
-- 83920
-- 83920
Holdings
Withdrawn status Lost status Source of classification or shelving scheme Damaged status Not for loan Permanent Location Current Location Shelving location Date acquired Total Checkouts Full call number Barcode Date last seen Copy number Price effective from Koha item type
          CBU-MAIN LIBRARY, KITWE. CBU-MAIN LIBRARY, KITWE.   01/08/2024   HA 155 Dal 48596 01/08/2024 1 01/08/2024 MONOGRAPH
          CBU-MAIN LIBRARY, KITWE. CBU-MAIN LIBRARY, KITWE.   01/08/2024   HA 155 Dal 48595 01/08/2024 2 01/08/2024 MONOGRAPH